[Event "Noyabrsk"]
[Site "Noyabrsk"]
[Date "1995.??.??"]
[Round "3"]
[White "Abramovic, Bosko"]
[Black "Stripunsky, Alexander"]
[Result "1/2-1/2"]
[WhiteElo "2520"]
[BlackElo "2495"]

1.d4 d5 2.Nf3 c6 3.c4 Nf6 4.Qc2 g6 5.Bf4 Bg7 6.e3 O-O 7.Nc3 Be6 8.cxd5 Nxd5
9.Be5 Bxe5 10.Nxe5 Nd7 11.Nf3 Qa5 12.e4 Nxc3 13.bxc3 Nb6 14.Be2 Bg4 15.O-O Rad8
16.Rfd1 Bxf3 17.Bxf3 e5 18.Be2 Rd6 19.Rd3 Re8 20.f4 exf4 21.Rf3 c5 22.e5 Rc6
23.Qe4 cxd4 24.Qxf4 Qd5 25.cxd4 Rd8 26.Rd3 Rc2 27.Bf3 Qc4 28.Rad1 Nd5 29.Qg5 Re8
30.h4 Nb4 31.Re3 Rc1 32.Ree1 Rxd1 33.Rxd1 Nc6 34.Qe3 Qxa2 35.h5 Ne7 36.d5 Nf5
37.Qf4 Qb2 38.d6 Qb6+ 39.Kh2 a5 40.Bg4 Ne3 41.h6 Nxg4+ 42.Qxg4 Qe3 43.Qg3 Qxh6+
44.Kg1 Qh5 45.Rc1 Qf5 46.Qc3 a4 47.Qc7 Qxe5 48.d7 Qd4+ 49.Kf1 Rf8 50.Re1 Qf6+
51.Kg1 Qd4+ 52.Kf1 Qf6+ 53.Kg1 Qd4+ 54.Kf1  1/2-1/2

[Event "Odorheiu Secuiesc zt"]
[Site "Odorheiu Secuiesc"]
[Date "1995.??.??"]
[Round "9"]
[White "Priehoda, Vitezslav"]
[Black "Georgiev, Vladimir"]
[Result "1/2-1/2"]
[WhiteElo "2400"]
[BlackElo "2450"]

1.d4 d5 2.c4 c6 3.Nf3 Nf6 4.Qb3 dxc4 5.Qxc4 Bf5 6.Nc3 Nbd7 7.g3 e6 8.Bg2 Rc8
9.O-O b5 10.Qb3 b4 11.Na4 Be4 12.Bg5 Qa5 13.Bxf6 Nxf6 14.Rfc1 Bd5 15.Qc2 Bd6
16.Nc5 Bxc5 17.Qxc5 Qxc5 18.Rxc5 Nd7 19.Ra5 Rc7 20.Rc1 Ke7 21.Ne1 Bxg2 22.Kxg2 Rb8
23.Nd3 Rb6 24.Rc4 Rcb7 25.Ra4 b3 26.axb3 Rxb3 27.Rxc6 R3b6 28.Rc3 Nb8 29.Rac4 Na6
30.Ra4 Nb8 31.b4 Nc6 32.b5 Nb8 33.Rc8 Nd7 34.Nc5 Nxc5 35.dxc5 Rxb5 36.c6 Rb8
37.Rxa7+ Kf6 38.Rcc7 Rf8 39.f4 h5 40.h3 Rc5 41.Kf3 g5 42.Ra4 Rc3+ 43.Kf2 gxf4
44.Rxf4+ Kg6 45.Rd4 Rc5 46.Rdd7 Rc3 47.h4 Rc5 48.Ke3 Rc3+ 49.Rd3 Rc4 50.Kd2 Ra8
51.Rc3 Rd4+ 52.Ke3 Rg4 53.Kf3 Raa4 54.Rb7 Rgc4 55.Rbb3 Rab4 56.Ra3 Ra4 57.Rxc4 Rxc4
58.Ra6 e5 59.Ke3 Kf5 60.Rb6 f6 61.Ra6 Rc3+ 62.Kf2 Kg6 63.Rb6 Kf5 64.Ra6 Kg6
65.e4 Rc2+ 66.Ke3  1/2-1/2

[Event "CZE-ch"]
[Site "Olomouc"]
[Date "1995.??.??"]
[Round "?"]
[White "Konopka, Michal"]
[Black "Cech, Pavel"]
[Result "1-0"]
[WhiteElo "2395"]
[BlackElo "2360"]

1.Nf3 d5 2.d4 Nf6 3.c4 c6 4.Qb3 dxc4 5.Qxc4 Bf5 6.Nc3 e6 7.g3 Nbd7 8.Bg2 Be7
9.O-O Ne4 10.Rd1 Nxc3 11.Qxc3 Be4 12.Bh3 O-O 13.Nd2 Bg6 14.Bg2 Bh5 15.Nf3 Qb6
16.Be3 Qb4 17.Qxb4 Bxb4 18.Rac1 a5 19.Kf1 Rfd8 20.Bd2 Nb6 21.a3 Be7 22.Be1 Kf8
23.h3 f6 24.g4 Bg6 25.Nh4 Bf7 26.e3 Na4 27.Bc3 e5 28.Nf5 Nxc3 29.Rxc3 exd4
30.exd4 Bd5 31.Bxd5 Rxd5 32.Ne3 Rd7 33.d5 Rad8 34.Rcd3 cxd5 35.Nxd5 Kf7 36.a4 Bc5
37.f4 f5 38.gxf5 Rd6 39.Ke2 R6d7 40.Nc3 Rxd3 41.Rxd3 Re8+ 42.Kf3 Re1 43.Rd7+ Kf8
44.Rxb7 Re3+ 45.Kg4 h5+ 46.Kxh5 Rxh3+ 47.Kg4 Rh2 48.Ne4 Bd4 49.b3 Re2 50.Nd6 Rg2+
51.Kf3 Rf2+ 52.Ke4 Bc3 53.Nc4 Be1 54.Rb5 Re2+ 55.Kd3 Rf2 56.Nxa5  1-0

[Event "CZE-ch (Women)"]
[Site "Olomouc"]
[Date "1995.??.??"]
[Round "?"]
[White "Eretova, Kveta"]
[Black "Svobodova, Michaela"]
[Result "1/2-1/2"]
[WhiteElo "2145"]
[BlackElo "2120"]

1.d4 d5 2.Nf3 Nf6 3.c4 c6 4.Qc2 g6 5.Bf4 Bf5 6.Qb3 Qb6 7.c5 Qxb3 8.axb3 Bxb1
9.Rxb1 Nbd7 10.h3 Bg7 11.e3 O-O 12.b4 a6 13.Be2 Rfe8 14.Ne5 Nxe5 15.Bxe5 Nd7
16.Bxg7 Kxg7 17.f4 f6 18.Kd2 e5 19.Rbe1 Re7 20.Bd3 Rae8 21.f5 gxf5 22.Bxf5 Nf8
23.Rhf1 Ne6 24.dxe5 fxe5 25.Bxe6 Rxe6 26.Rf5 Rf8 27.Rxf8 Kxf8 28.Rf1+ Kg7
29.Rf5 e4 30.Ke2 Re8 31.h4 Ra8 32.Re5 Kf6 33.Rh5  1/2-1/2

[Event "Orel"]
[Site "Orel"]
[Date "1995.??.??"]
[Round "6"]
[White "Pushkov, Nikolai"]
[Black "Chekhov, Valery A"]
[Result "1/2-1/2"]
[WhiteElo "2505"]
[BlackElo "2500"]

1.d4 d5 2.c4 c6 3.Nf3 Nf6 4.Qc2 e6 5.e3 Nbd7 6.Nc3 Bd6 7.Be2 O-O 8.O-O e5
9.cxd5 cxd5 10.Nb5 Bb8 11.dxe5 Nxe5 12.Nxe5 Bxe5 13.f4 Bb8 14.Bd2 a6 15.Nd4 Re8
16.Rae1 Ba7 17.Bf3 Bg4 18.Bc3 Qd7 19.b3 Rac8 20.Qd3 Ne4 21.Bb2 Bxf3 22.gxf3 Nc5
23.Qd2 Ne6 24.Rf2 g6 25.Rg2 Qc7 26.Nxe6 Rxe6 27.f5 Rxe3 28.Rxe3 Qf4 29.Re2 Re8
30.Kh1 Bxe3 31.Qxd5 Qg5 32.Qd1 Rd8 33.Qe1 Rd3 34.fxg6 hxg6 35.Rc2 Qd8 36.Kg2 Bd4
37.Bxd4 Qxd4 38.Qf2 Kg7 39.Qxd4+ Rxd4 40.Kg3 g5 41.Rc7 Rb4 42.Rc5 Kg6 43.Rd5 f6
44.Rd7 Kf5 45.Rd5+ Ke6 46.Rc5 b6 47.Rc6+ Ke5 48.Rc8 a5 49.Re8+ Kd4 50.Rc8  1/2-1/2

[Event "Orense op"]
[Site "Orense"]
[Date "1995.??.??"]
[Round "3"]
[White "Gomez Esteban, Juan Mario"]
[Black "Guerra Bastida, Diego"]
[Result "1-0"]
[WhiteElo "2440"]
[BlackElo "2310"]

1.d4 d5 2.c4 c6 3.Nf3 dxc4 4.e3 b5 5.a4 e6 6.b3 Bb4+ 7.Bd2 Bxd2+ 8.Qxd2 cxb3
9.axb5 Qb6 10.Na3 Ne7 11.Nc4 Qd8 12.Qb4 O-O 13.Qxb3 cxb5 14.Qxb5 Nbc6 15.Bd3 Qd5
16.Qxd5 Nxd5 17.Kd2 a5 18.Rhc1 Ra7 19.Be4 Ndb4 20.Ra3 Bb7 21.Rca1 Rfa8 22.Nd6 f5
23.Bb1 Ba6 24.Rc3 Rd8 25.Nc4 Bxc4 26.Rxc4 Rd6 27.Ke2 Re7 28.Rc5 Rd5 29.Rxd5 Nxd5
30.Bd3 Rb7 31.Bc4 Rb2+ 32.Kf1 Rc2 33.Bd3 Rc3 34.Bb5 Ndb4 35.Ng5 f4 36.exf4 Nxd4
37.Bd7 Rc2 38.Nxe6 Nb3 39.Rd1 Nd2+ 40.Ke1 Ne4 41.Ba4 Rc8 42.Rd7 g6 43.Bb3 Kh8
44.f3 Nf6 45.Ra7 Nc6 46.Rf7 Nh5 47.g4 Re8 48.Kf2 a4 49.Bc4 Kg8 50.Ng5 Na5
51.Bd5  1-0

[Event "Philidor mem"]
[Site "Paris"]
[Date "1995.??.??"]
[Round "6"]
[White "Relange, Eloi"]
[Black "Rausis, Igors"]
[Result "1/2-1/2"]
[WhiteElo "2455"]
[BlackElo "2515"]

1.d4 d5 2.c4 c6 3.Nf3 dxc4 4.a4 e6 5.Nc3 Bb4 6.e3 b5 7.Bd2 a5 8.axb5 Bxc3
9.Bxc3 cxb5 10.b3 Bb7 11.bxc4 b4 12.Bb2 Nf6 13.Bd3 Be4 14.Bxe4 Nxe4 15.Qc2 Nf6
16.e4 Nfd7 17.c5 Qc7 18.O-O O-O 19.Rfc1 Rc8 20.Qb3 Qc6 21.d5 Nxc5 22.Qe3 Qd6
23.Qg5 Qf8 24.Rxc5  1/2-1/2

[Event "Rishon Le Ziyyon YM-IM"]
[Site "Rishon Le Ziyyon"]
[Date "1995.??.??"]
[Round "4"]
[White "Kanstler, Boris"]
[Black "Krays, Alexander"]
[Result "1/2-1/2"]
[WhiteElo "2430"]
[BlackElo "2385"]

1.d4 d5 2.c4 c6 3.Nf3 Nf6 4.Qc2 g6 5.Bf4 Bg7 6.e3 O-O 7.Nc3 Bg4 8.Ne5 Be6
9.Be2 Nbd7 10.Nxd7 Qxd7 11.cxd5  1/2-1/2

[Event "Sala op"]
[Site "Sala"]
[Date "1995.??.??"]
[Round "8"]
[White "Konopka, Michal"]
[Black "Oral, Tomas"]
[Result "1/2-1/2"]
[WhiteElo "2395"]
[BlackElo "2405"]

1.Nf3 d5 2.d4 Nf6 3.c4 c6 4.Qb3 dxc4 5.Qxc4 Bf5 6.g3 e6 7.Bg2 Nbd7 8.O-O Nb6
9.Qb3 Bxb1 10.Rxb1 Qd5 11.Ne5 Qxb3 12.axb3 Rd8 13.Ra1 a6 14.e3 Nfd5 15.Nc4 Na8
16.Bd2 Be7 17.Ba5 Rc8 18.Rfc1 O-O 19.Kf1 Nac7 20.Ke2  1/2-1/2

[Event "Asia-chT"]
[Site "Singapore"]
[Date "1995.??.??"]
[Round "4"]
[White "Ramos, Domingo"]
[Black "Handoko, Edhi"]
[Result "0-1"]
[WhiteElo "2330"]
[BlackElo "2495"]

1.Nf3 d5 2.d4 Nf6 3.c4 c6 4.Qc2 e6 5.Nc3 Nbd7 6.e3 Bd6 7.b3 O-O 8.Bb2 e5
9.dxe5 Nxe5 10.Be2 dxc4 11.bxc4 Qc7 12.h3 Nxf3+ 13.Bxf3 Be6 14.O-O Bxc4 15.Ne4 Nxe4
16.Bxe4 Bxf1 17.Bxh7+ Kh8 18.Qf5 Bd3 19.Qxd3 Qe7 20.Bf5 Rad8 21.Qc4 Qg5 22.g4 Bc7
23.Kg2 Qh4 24.Bc3 Rd5 25.Be4 f5 26.Bxd5 fxg4 27.Bxg7+ Kxg7 28.Qxg4+ Qxg4+
29.hxg4 cxd5 30.Rd1 Rd8 31.f4 d4 32.exd4 Bxf4 33.Kf3 Bd6 34.Ke4 Kg6 35.Rb1 Rd7
36.Rb5 Bh2 37.Rh5 Bg1 38.d5 Bc5 39.a4 Re7+ 40.Re5 Kf7 41.g5 Rxe5+ 42.Kxe5 Ke7
43.Ke4  0-1

[Event "Skei"]
[Site "Skei"]
[Date "1995.??.??"]
[Round "4"]
[White "Ivanov, M."]
[Black "Kristensen, Bjarke"]
[Result "1/2-1/2"]
[WhiteElo "2450"]
[BlackElo "2455"]

1.d4 d5 2.Nf3 c6 3.c4 Nf6 4.Qc2 g6 5.cxd5 cxd5 6.Nc3 Bg7 7.Bf4 O-O 8.e3 Nc6
9.a3 Bf5 10.Bd3 Bxd3 11.Qxd3 Qb6 12.O-O Rfc8 13.b4 Qd8 14.h3 e6 15.Rac1 Bf8
16.Rfd1 a6 17.Na4 Nd7 18.Nc5 b5 19.Nb7 Qb6 20.Nc5 Qa7 21.h4 Nb6 22.h5 Nc4
23.hxg6 hxg6 24.Rb1 Re8 25.e4 dxe4 26.Nxe4 Bg7 27.Bg5 Ne7 28.Nf6+ Bxf6 29.Bxf6 Nd5
30.Bg5 f6 31.Bc1 Qh7 32.Nd2 Nd6 33.Rb3 g5 34.Qxh7+ Kxh7 35.Rh3+ Kg6 36.Nb3 Nf5
37.Rhd3 Rec8 38.Nc5 a5 39.Bd2 axb4 40.Bxb4 Rc6 41.g3 g4 42.Kg2 Rh8 43.R3d2 Kf7
44.Re1 Nc7  1/2-1/2

[Event "Sollentuna op"]
[Site "Sollentuna"]
[Date "1995.??.??"]
[Round "8"]
[White "Chernuschevich, Alexei"]
[Black "Kludacz, Magdalena"]
[Result "1/2-1/2"]
[WhiteElo "2380"]
[BlackElo "2035"]

1.d4 d5 2.c4 c6 3.Nf3 Nf6 4.Qb3 Qb6 5.Qc2 Bg4 6.Nbd2 e6 7.e3 Bf5 8.Bd3 Bxd3
9.Qxd3 Be7 10.O-O O-O 11.e4 dxe4 12.Nxe4 Nbd7 13.Ng3 Qc7 14.Qe2 Rfe8 15.Ne5 c5
16.Nxd7 Qxd7 17.dxc5 Bxc5 18.Bg5 Be7 19.Rad1 Qc7 20.b3 Rad8 21.Qf3 Rxd1 22.Rxd1 Rd8
23.Rxd8+ Bxd8 24.Be3 a6 25.Ne4 Nxe4 26.Qxe4 Qd7 27.g3 f5 28.Qc2 e5 29.f3 g6
30.Qe2 Ba5 31.Kg2 Kf7 32.Bc1 Bc3 33.Bb2 Bxb2 34.Qxb2 Ke6  1/2-1/2

[Event "Furman mem"]
[Site "St Petersburg"]
[Date "1995.??.??"]
[Round "6"]
[White "Osnos, Viatcheslav"]
[Black "Bagirov, Vladimir"]
[Result "1/2-1/2"]
[WhiteElo "2430"]
[BlackElo "2530"]

1.d4 d5 2.c4 c6 3.Nf3 dxc4 4.a4 e6 5.e3 b5 6.b3 Bb4+ 7.Bd2 Bxd2+ 8.Nfxd2 cxb3
9.axb5 b2 10.Ra2 Ne7 11.Rxb2 O-O 12.Qc2 Bb7 13.Bd3 h6 14.O-O cxb5  1/2-1/2

[Event "BCF-ch"]
[Site "Swansea"]
[Date "1995.??.??"]
[Round "7"]
[White "Arkell, Keith C"]
[Black "Summerscale, Aaron"]
[Result "1-0"]
[WhiteElo "2505"]
[BlackElo "2455"]

1.d4 d5 2.c4 c6 3.Nf3 dxc4 4.a4 b5 5.e3 e6 6.b3 b4 7.Bxc4 Nf6 8.O-O Nbd7
9.Nbd2 c5 10.Bb2 Bb7 11.Qe2 cxd4 12.Nxd4 Bd6 13.Ba6 Bxa6 14.Qxa6 Qb8 15.h3 O-O
16.Nc4 Bc5 17.Nc6 Qc8 18.Qxc8 Rfxc8 19.N6e5 Nxe5 20.Bxe5 Nd7 21.Rfd1 Nxe5
22.Nxe5 Be7 23.Nc4 Rc7 24.Rd3 Kf8 25.Rad1 Ke8 26.e4 Rac8 27.Kf1 Bf8 28.Ke2 Be7
29.f4 Bf8 30.g4 Be7 31.Kf3 Rb8 32.h4 Bxh4 33.g5 f6 34.Kg4 Bf2 35.Rh1 Rd8
36.Rxd8+ Kxd8 37.Rxh7 Re7 38.Rh8+ Kc7 39.Rf8 Kc6 40.gxf6 gxf6 41.Rxf6 Kc5
42.Ne5 Rg7+ 43.Kf3 Bh4 44.Rg6 Rc7 45.Rh6 Be7 46.Rxe6 Kd4 47.Nc6+ Kc3 48.Nxe7 Kxb3
49.Nd5 Rb7 50.a5  1-0

[Event "SWZ-ch"]
[Site "SWZ"]
[Date "1995.??.??"]
[Round "8"]
[White "Landenbergue, Claude"]
[Black "Pelletier, Yannick"]
[Result "1/2-1/2"]
[WhiteElo "2420"]
[BlackElo "2460"]

1.d4 d5 2.Nf3 Nf6 3.c4 c6 4.g3 dxc4 5.Bg2 g6 6.O-O Bg7 7.Qc2 b5 8.a4 Bb7
9.Nbd2 Nd5 10.Ne4 Nd7 11.b3 cxb3 12.Qxb3 a6 13.Bb2 O-O 14.Nc5 Nxc5 15.dxc5 Bxb2
16.Qxb2 Qc7 17.e4 Nf6 18.e5 Nd5 19.e6 f6 20.Rfe1 Rfd8 21.h4 a5 22.h5 g5 23.Nd4 b4
24.Be4 Nc3 25.Bxh7+ Kxh7 26.Qc2+ Kh8 27.Qg6 Rxd4  1/2-1/2

[Event "Czerniak mem"]
[Site "Tel Aviv"]
[Date "1995.??.??"]
[Round "6"]
[White "Shvidler, Eliahu"]
[Black "Kundin, Alexander"]
[Result "1-0"]
[WhiteElo "2455"]
[BlackElo "2205"]

1.d4 d5 2.Nf3 Nf6 3.c4 c6 4.Qc2 e6 5.g3 Be7 6.Bg2 O-O 7.O-O dxc4 8.Qxc4 b5
9.Qc2 Bb7 10.Bg5 Nbd7 11.Bxf6 Nxf6 12.Nbd2 c5 13.dxc5 Rc8 14.b4 a5 15.a3 Nd5
16.Qb3 Bf6 17.Rac1 axb4 18.axb4 Ne7 19.Qb1 Bxf3 20.Nxf3 Nc6 21.Rfd1 Qc7 22.Rd6 Rfd8
23.Ng5 Bxg5 24.Rxc6 Qxc6 25.Bxc6 Bxc1 26.Bxb5 Rb8 27.Ba6 Ba3 28.c6 Rxb4 29.Qa2 Rb6
30.c7 Ra8 31.Qxa3 Rc6 32.Bb7  1-0

[Event "JUG-chT"]
[Site "Tivat"]
[Date "1995.??.??"]
[Round "5"]
[White "Antic, Dejan"]
[Black "Pajkovic, Vladimir"]
[Result "1-0"]
[WhiteElo "2380"]
[BlackElo "2430"]

1.d4 d5 2.c4 c6 3.Nf3 dxc4 4.e3 b5 5.a4 e6 6.axb5 cxb5 7.b3 Bb4+ 8.Bd2 Bxd2+
9.Nbxd2 a5 10.bxc4 b4 11.c5 Nf6 12.Bb5+ Bd7 13.Qa4 O-O 14.Ne5 Bxb5 15.Qxb5 Nd5
16.Ne4 Qc7 17.O-O f6 18.Nd3 Nc6 19.Nd6 f5 20.Qc4 Qd7 21.Qb3 a4 22.Qc2 Rfb8
23.Nc4 b3 24.Qb2 Ncb4 25.Nde5 Qe8 26.Na3 Ra6 27.Qd2 Na2 28.f3 Nac3 29.Nec4 Qg6
30.Rae1 Ra7 31.Ne5 Qg5 32.Nc6 Rab7 33.Nxb8 Rxb8 34.h4 Qxh4 35.Qd3 Qg3 36.Rc1 b2
37.Rxc3 Nxc3 38.Qxc3 Rb3 39.Qc4 Rxa3 40.Qxe6+ Kf8 41.Qxf5+ Ke7 42.d5 Rxe3
43.d6+ Kd8 44.Qf7  1-0

[Event "JUG-chT (Women)"]
[Site "Tivat"]
[Date "1995.??.??"]
[Round "5"]
[White "Maric, Alisa"]
[Black "Gaponenko, Inna"]
[Result "1/2-1/2"]
[WhiteElo "2445"]
[BlackElo "2365"]

1.Nf3 d5 2.d4 Nf6 3.c4 c6 4.Qc2 g6 5.Bf4 Na6 6.a3 Bf5 7.Qb3 Qb6 8.Qxb6 axb6
9.Nbd2 dxc4 10.Nxc4 Nd5 11.Bd2 Nab4 12.Rc1 b5 13.Nce5 Na2 14.Ra1 Nab4 15.Rc1 Na2
16.Ra1 Nab4  1/2-1/2

[Event "DEN-chJ"]
[Site "Tjele"]
[Date "1995.??.??"]
[Round "3"]
[White "De la Rosa, Damian"]
[Black "Pedersen, Daniel Vesterbaek"]
[Result "0-1"]
[WhiteElo "2125"]
[BlackElo "2245"]

1.d4 d5 2.c4 dxc4 3.Nf3 c6 4.a4 e6 5.e3 b5 6.b3 Bb4+ 7.Bd2 Bxd2+ 8.Qxd2 cxb3
9.axb5 Ne7 10.Qc3 O-O 11.Qxb3 Qb6 12.Qa3 Nd5 13.Bd3 Rd8 14.bxc6 Nxc6 15.O-O a5
16.Rc1 Nf6 17.Nbd2 Ba6 18.Rc5 Bxd3 19.Rac1 Nb4 20.Ne5 Bb5 21.Ndf3 Ne8 22.Rb1 Nd6
23.Qb3 Ne4 24.Nxf7 Kxf7 25.Rf5+ Kg8  0-1

[Event "SVK-ch"]
[Site "Trencin"]
[Date "1995.??.??"]
[Round "4"]
[White "Priehoda, Vitezslav"]
[Black "Grechanovskaya, Elena"]
[Result "1-0"]
[WhiteElo "2365"]
[BlackElo "2140"]

1.d4 d5 2.c4 c6 3.Nf3 Nf6 4.Qb3 Qb6 5.c5 Qc7 6.Nc3 Nbd7 7.e4 Nxe4 8.Nxe4 dxe4
9.Ng5 e6 10.Nxe4 Be7 11.Bc4 Nf6 12.Ng5 h6 13.Nf3 O-O 14.O-O Rd8 15.Bd2 Nd5
16.Qc2 Bf6 17.Rfe1 Ne7 18.Qe4 Nf5 19.Bf4 Qa5 20.Red1 b5 21.Be2 Bb7 22.a3 Rd5
23.g4 Nh4 24.Ne5 Qd8 25.Rd3 a5 26.Bd1 Bxe5 27.Bxe5 Ng6 28.Bg3 e5 29.Bb3 Qf6
30.Rf3 Rxd4 31.Rxf6 Rxe4 32.Rxf7  1-0

[Event "Villalba op"]
[Site "Villalba"]
[Date "1995.??.??"]
[Round "5"]
[White "Panchenko, Alexander N"]
[Black "Garcia, Ricardo"]
[Result "1-0"]
[WhiteElo "2480"]
[BlackElo "2295"]

1.d4 d5 2.c4 c6 3.Nf3 dxc4 4.e3 b5 5.a4 e6 6.axb5 cxb5 7.b3 Bb4+ 8.Bd2 Bxd2+
9.Nbxd2 a5 10.bxc4 b4 11.Bd3 Nf6 12.Ne5 O-O 13.O-O Bb7 14.f4 Nbd7 15.c5 Nxe5
16.fxe5 Nd5 17.Qh5 g6 18.Qh6 f5 19.exf6 Nxf6 20.Rf4 Qe7 21.Nc4 a4 22.Nb6 e5
23.Rh4 Rad8 24.Nxa4 Ra8 25.Qg5 exd4 26.Rxd4 Bc6 27.Rxb4 Qd7 28.Rd1 Qe7 29.Nc3 Rae8
30.Rb6 Qc7 31.Bc4+ Kg7 32.Rd6 Ne4 33.Nxe4 Bxe4 34.Bd5 Bxd5 35.Rxg6+ Kh8 36.Rbf6 Bg8
37.Rxf8 Rxf8 38.Rd6 Qf7 39.Qe5+ Qg7 40.Qd4 Qxd4 41.exd4 Bc4 42.h3 Rc8 43.Kf2 Kg7
44.Ke3 Bf1 45.Kf2 Bc4 46.Kg3 Kf7 47.Kf4 Ke7 48.Rh6 Bg8 49.g4 Rd8 50.Ke5 Rd5+
51.Ke4 Rd8 52.Ra6 Bd5+ 53.Ke5 Bb7 54.Re6+ Kf7 55.c6 Bc8 56.Rh6 Kg7 57.g5 Rf8
58.h4 Re8+ 59.Kd6 Bg4 60.d5 Bf3 61.Rf6 Bg4 62.Kc7 Rc8+ 63.Kb7  1-0

[Event "Wattens op"]
[Site "Wattens"]
[Date "1995.??.??"]
[Round "?"]
[White "Timofeeva, Lidia"]
[Black "Duer, Werner"]
[Result "0-1"]
[WhiteElo "2175"]
[BlackElo "2280"]

1.d4 d5 2.Nf3 Nf6 3.c4 c6 4.g3 g6 5.Bg2 Bg7 6.cxd5 cxd5 7.Nc3 O-O 8.O-O Ne4
9.Qb3 Nxc3 10.bxc3 Nc6 11.Nd2 e6 12.e4 Na5 13.Qc2 b6 14.Ba3 Re8 15.Bb4 Nc6
16.Ba3 Bb7 17.Nb3 dxe4 18.Bxe4 Qc7 19.Rac1 Rac8 20.f4 Ne7 21.Nd2 Nf5 22.Qd3 Red8
23.g4 Nd6 24.Bxd6 Rxd6 25.Bxb7 Qxb7 26.Ne4 Rd5 27.g5 Qe7 28.Rfe1 h5 29.Nd2 Qd6
30.Qg3 Rxc3 31.Qxc3 Bxd4+ 32.Qxd4 Rxd4 33.Ne4 Qxf4 34.Nf6+ Kg7 35.Rf1 Qxg5+
36.Kh1 Qxf6  0-1

[Event "Wattens op"]
[Site "Wattens"]
[Date "1995.??.??"]
[Round "?"]
[White "Priehoda, Vitezslav"]
[Black "Duer, Werner"]
[Result "1-0"]
[WhiteElo "2365"]
[BlackElo "2280"]

1.d4 d5 2.c4 c6 3.Nf3 Nf6 4.Qb3 dxc4 5.Qxc4 Bf5 6.Nc3 e6 7.g3 Nbd7 8.Bg2 h6
9.O-O Be7 10.Re1 Ne4 11.a4 O-O 12.a5 Rc8 13.b4 Nxc3 14.Qxc3 Be4 15.Ba3 a6
16.Bf1 Nf6 17.Nd2 Nd5 18.Qb3 Bg6 19.Nc4 Nc7 20.Nb6 Rb8 21.e4 Bf6 22.Bb2 Na8
23.Nc4 Nc7 24.Rad1 Nb5 25.d5 cxd5 26.exd5 exd5 27.Nb6 Bxb2 28.Qxb2 Nc7 29.Bg2 Re8
30.Re5 f6 31.Rxe8+ Qxe8 32.Rc1 Qe7 33.Qc3 Re8 34.Nxd5 Nxd5 35.Bxd5+ Bf7 36.Bf3 Rd8
37.Re1 Qd7 38.Rd1 Qxd1+ 39.Bxd1 Rxd1+ 40.Kg2 Bd5+ 41.f3 Be6 42.Kf2 Rd7 43.h4 Kf7
44.g4 Re7 45.Qc5 Rd7 46.Kg3 Bd5 47.b5 axb5 48.Qxb5 Be6 49.f4 Ke7 50.f5 Bd5
51.g5 hxg5 52.hxg5 fxg5 53.Kg4 Kd6 54.Kxg5 Bc6 55.Qb6 Rf7 56.Qd4+ Kc7 57.Qe5+ Kd8
58.Kg6 Re7 59.Qd6+ Bd7 60.Qb6+ Kc8 61.Qc5+ Kd8 62.Qd6  1-0

[Event "NBG Open Weilburg"]
[Site "Weilburg"]
[Date "1995.??.??"]
[Round "2"]
[White "Donchenko, Anatoly G"]
[Black "Stockmann, Michael"]
[Result "1-0"]
[WhiteElo "2405"]
[BlackElo "2105"]

1.Nf3 c6 2.d4 Nf6 3.c4 d5 4.Qc2 g6 5.cxd5 cxd5 6.Bf4 Nc6 7.e3 Bg7 8.Be2 Ne4
9.O-O O-O 10.Nc3 Bf5 11.Nxe4 Bxe4 12.Qb3 Qd7 13.Rac1 Rac8 14.Qa3 f6 15.Bg3 e5
16.dxe5 fxe5 17.Ng5 Bf5 18.Rfd1 h6 19.Nf3 Bg4 20.Rc5 Ne7 21.h3 Rxc5 22.Qxc5 b6
23.Qb4 Bxf3 24.Bxf3 d4 25.exd4 exd4 26.Bd6 Re8 27.Qc4+ Kh7 28.Qf7 Qxd6 29.Qxe8 Qe6
30.Bg4 Qe4 31.Qd7 a5 32.Qe6 Qxe6 33.Bxe6 Nc6 34.Kf1 g5 35.Bf5+ Kg8 36.Rc1 Ne7
37.Be6+ Kh7 38.Rc7 Bf6 39.Rb7  1-0

[Event "NBG Open Weilburg"]
[Site "Weilburg"]
[Date "1995.??.??"]
[Round "3"]
[White "Hilmer, Frank"]
[Black "Khenkin, Igor"]
[Result "0-1"]
[WhiteElo "2215"]
[BlackElo "2555"]

1.d4 d5 2.c4 c6 3.Nf3 dxc4 4.a4 e6 5.e3 b5 6.Nc3 b4 7.Ne4 Qd5 8.Ng3 Nf6 9.Be2 h5
10.h4 Bd6 11.e4 Nxe4 12.Nxe4 Qxe4 13.Ng5 Qg6 14.Bxc4 Ba6 15.Bxa6 Nxa6 16.Qe2 Nc7
17.Qc4 Kd7 18.O-O f6 19.Nf3 a5 20.Rd1 Nd5 21.Bd2 Qf5 22.Rac1 Rhc8 23.Qe2 Rc7
24.Re1 Rcc8 25.Red1 Ke7 26.Rc4 Nb6 27.Rcc1 Nxa4 28.Ne5 Nxb2 29.Nxc6+ Kf7
30.Qb5 Qxb5  0-1

[Event "Werfen op"]
[Site "Werfen"]
[Date "1995.??.??"]
[Round "4"]
[White "Kraschl, Joerg"]
[Black "Loeffler, Christoph"]
[Result "1-0"]
[WhiteElo "2320"]
[BlackElo "2085"]

1.d4 d5 2.Nf3 Nf6 3.c4 c6 4.g3 g6 5.cxd5 cxd5 6.Bg2 Bg7 7.Nc3 O-O 8.Ne5 e6
9.O-O Nfd7 10.f4 f6 11.Nd3 f5 12.Ne5 Nc6 13.e3 Nf6 14.b3 Nxe5 15.dxe5 Ne4
16.Bxe4 fxe4 17.Ba3 Rf7 18.Ne2 Qa5 19.Bd6 Bf8 20.Bxf8 Rxf8 21.Nd4 Bd7 22.Qe1 Qb6
23.Qd2 Rac8 24.Rfc1 a5 25.a4 Qb4 26.Qxb4 axb4 27.Kf2 Rc3 28.Rxc3 bxc3 29.Rc1 Rc8
30.Rc2 Kf7 31.Ne2 b5 32.Rxc3 Ra8 33.axb5 Bxb5 34.Nd4 Bd7 35.Rc2 h6 36.b4 Rb8
37.b5 Ke7 38.g4 Rf8 39.Kg3 Ra8 40.h4 h5 41.b6 Rb8 42.Rb2 Rb7 43.Rb4 Rb8 44.Nb3 Bc6
45.Nc5 Bb7 46.Rb3  1-0

[Event "Werfen op"]
[Site "Werfen"]
[Date "1995.??.??"]
[Round "4"]
[White "Raetsky, Alexander"]
[Black "Zontakh, Andrey"]
[Result "1/2-1/2"]
[WhiteElo "2505"]
[BlackElo "2460"]

1.d4 d5 2.c4 c6 3.Nf3 Nf6 4.Qc2 e6 5.g3 dxc4 6.Qxc4 b5 7.Qc2 Bb7 8.Bg2 Nbd7
9.Ne5 Nxe5 10.dxe5 Nd5 11.O-O Qc7 12.a4 bxa4 13.Nc3 Nxc3 14.Qxc3 Be7 15.Rxa4 O-O
16.Be3 c5 17.Qa5 Qd7 18.Bxb7  1/2-1/2

[Event "Oberliga Wuert9495"]
[Site "Wuerttemberg"]
[Date "1995.??.??"]
[Round "?"]
[White "Vujic, Branimir"]
[Black "Krockenberger, Martin"]
[Result "1-0"]
[WhiteElo "2205"]
[BlackElo "2305"]

1.d4 d5 2.Nf3 c6 3.c4 Nf6 4.g3 Bf5 5.Nc3 e6 6.Bg2 Be7 7.O-O O-O 8.Nh4 Bg4
9.h3 Bh5 10.g4 Bg6 11.Nxg6 hxg6 12.b3 Nbd7 13.Qd3 Rc8 14.Bf4 Qa5 15.Rfd1 Rfd8
16.c5 Re8 17.Rab1 Qd8 18.b4 Bf8 19.Qg3 b6 20.e3 a5 21.a3 axb4 22.axb4 b5
23.Ra1 Ra8 24.Bf3 Qc8 25.g5 Nh7 26.h4 Qb7 27.Kg2 Rxa1 28.Rxa1 Ra8 29.Rh1 Be7
30.h5 gxh5 31.Bxh5 Ndf8 32.g6 fxg6 33.Bxg6 Nxg6 34.Qxg6 Nf8 35.Qh5 Qd7 36.Be5 Bf6
37.Bxf6 gxf6 38.Qh8+ Kf7 39.Rh7+ Nxh7 40.Qxh7+ Ke8 41.Qg8+  1-0

[Event "Zadar op"]
[Site "Zadar"]
[Date "1995.??.??"]
[Round "?"]
[White "Hulak, Krunoslav"]
[Black "Sulava, Nenad"]
[Result "1-0"]
[WhiteElo "2545"]
[BlackElo "2420"]

1.d4 d5 2.c4 c6 3.Nf3 dxc4 4.e3 b5 5.a4 e6 6.b3 Bb4+ 7.Bd2 Bxd2+ 8.Nfxd2 cxb3
9.axb5 b2 10.Ra2 Ne7 11.Qb3 Bb7 12.Ne4 O-O 13.Nc5 Qb6 14.Qxb2 Rc8 15.Nc3 cxb5
16.Qxb5 Bc6 17.Qxb6 axb6 18.Rxa8 Bxa8 19.N5a4 b5 20.Nxb5 Rc1+ 21.Kd2 Ra1
22.Nac3 Nd7 23.f3 Nb6 24.Nd1 Ra2+ 25.Ke1 Ned5 26.e4 Nb4 27.Nbc3 Ra3 28.Kd2 Nc6
29.Nb5 Ra2+ 30.Ke3 f5 31.g3 Bb7 32.Ndc3 Rb2 33.Be2 Nb4 34.Rb1 Nc2+ 35.Kd2 Rxb1
36.Nxb1 Nb4 37.Nd6 Bc6 38.exf5 Kf8 39.fxe6  1-0

[Event "BL2-W9697"]
[Site "Germany"]
[Date "1996.10.??"]
[Round "?.1"]
[White "Gurevich, Mikhail"]
[Black "Van der Wiel, John TH"]
[Result "1-0"]
[WhiteElo "2605"]
[BlackElo "2555"]

1.d4 Nf6 2.c4 c6 3.Nf3 d5 4.Qc2 e6 5.Nbd2 Nbd7 6.e4 dxe4 7.Nxe4 Nxe4 8.Qxe4 Bb4+
9.Bd2 Bxd2+ 10.Nxd2 Qa5 11.a3 O-O 12.Bd3 Nf6 13.Qe5 Qxe5+ 14.dxe5 Nd7 15.Nf3 a5
16.O-O-O a4 17.Rhe1 Ra5 18.Kc2 g6 19.Kc3 Kg7 20.Kb4 b6 21.Bc2 Nb8 22.Rd6 Bb7
23.Kc3 Rc8 24.Nd2 c5 25.Rxb6 Bxg2 26.Be4 Bxe4 27.Nxe4 Nd7 28.Rb7 Nxe5 29.Ng5 h6
30.Nxe6+ Kf6 31.Nf4 Nf3 32.Ree7 Rf8 33.Nd5+ Kg7 34.Nc7 Nd4 35.Ne8+ Kg8 36.Nd6 Ra6
37.Nxf7 g5 38.Ne5 Nf5 39.Rec7 Re8 40.Nd7 Nd6 41.Nxc5 Nxb7 42.Nxa6 Nd6 43.Nc5 Rf8
44.Rd7 Rf3+ 45.Kb4 Nf7 46.Nd3 Kf8 47.Kxa4 Ke8 48.Rd5 Rh3 49.c5 Nd8 50.b4 Ne6
51.c6  1-0

[Event "Aegina op"]
[Site "Aegina"]
[Date "1996.??.??"]
[Round "7"]
[White "Tantsis, Georgios"]
[Black "Angelis, Mihail"]
[Result "0-1"]
[WhiteElo "2150"]
[BlackElo "2270"]

1.d4 Nf6 2.Nf3 c6 3.c4 d5 4.Qc2 e6 5.g3 dxc4 6.Qxc4 b5 7.Qc2 Bb7 8.Bg2 Qb6
9.Nbd2 Nbd7 10.O-O Be7 11.Nb3 O-O 12.Bg5 h6 13.Bxf6 Bxf6 14.Rac1 a5 15.Rfd1 Rfd8
16.e3 Rac8 17.Nfd2 Be7 18.Ne4 c5 19.dxc5 Bxe4 20.Bxe4 Nxc5 21.Rxd8+ Rxd8
22.Nxc5 Rc8 23.Qd2 Rxc5 24.Rxc5 Qxc5 25.Qc2 Qb4 26.b3 a4 27.bxa4 bxa4 28.Bc6 a3
29.Ba4 g6 30.Bb3 Kg7 31.Qc4 Qe1+ 32.Qf1 Qd2 33.Qd1 Qb2 34.Qd7 Bf6 35.Bxe6 Qb1+  0-1

[Event "Amsterdam m2"]
[Site "Amsterdam"]
[Date "1996.??.??"]
[Round "1"]
[White "Sosonko, Gennadi"]
[Black "Bacrot, Etienne"]
[Result "1/2-1/2"]
[WhiteElo "2520"]
[BlackElo "2470"]

1.d4 d5 2.Nf3 c6 3.c4 Nf6 4.g3 Bf5 5.Nc3 e6 6.Bg2 Be7 7.O-O O-O 8.Nh4 Bg4
9.h3 Bh5 10.g4 Bg6 11.Nxg6 hxg6 12.Qd3 Nbd7 13.cxd5 exd5 14.Bf4 Ne8 15.Rab1 a5
16.a3 Bd6 17.Bd2 Nc7 18.e4 dxe4 19.Nxe4 Be7 20.Rfe1 Nd5 21.Nc3 N7b6 22.Nxd5 Nxd5
23.Bxd5 cxd5 24.Qb5 Bf6 25.Be3 b6 26.Rec1 Re8 27.Rc6 Bg5 28.Bxg5 Qxg5 29.Rd6 Rad8
30.Rxd8 Qxd8 31.Kf1 Re4 32.Re1 Rxe1+ 33.Kxe1 Qe7+ 34.Kd2  1/2-1/2